| 000 | 00550nam a22001937a 4500 | ||
|---|---|---|---|
| 005 | 20251108164102.0 | ||
| 008 | 250721s1996 xx 000 0 ara d | ||
| 082 | 1 | 4 | _aط/155.4/كام |
| 100 | 1 | _aعويضه، كامل محمد محمد | |
| 245 | 1 | 0 | _aمشكلات الطفل / |
| 264 | 1 |
_aبيروت : _bدار الكتب العلمية، _c1996. |
|
| 300 | _a223ص | ||
| 490 | 0 | _aسلسلة علم النفس ؛ 21 | |
| 650 | 1 | 7 | _aالأطفال |
| 650 | 1 | 7 | _aالتعلم |
| 650 | 1 | 7 | _aعلم النفس |
| 942 |
_2ddc _cBK |
||
| 999 |
_c3235 _d3235 |
||